Score 0/30 Timer 04:00
2 Plays Today
% Correct
Emu
92.6%
Egypt
91.4%
El Salvador
91.1%
Ecuador
86.4%
Eagle
85.1%
Ebay
81.2%
Emergency!
78.6%
Empty Nest
74.1%
The Evil Dead
73%
Exxon Mobil
71.6%
Everybody Loves Raymond
69.8%
Estonia
66.3%
Equatorial Guinea
65.3%
Eggplant
64.3%
Extreme Makeover: Home Edition
63.4%
% Correct
Erin Brockovich
61.7%
English Muffin
60.1%
Escape from New York
59.7%
Enterprise Rent-A-Car
55%
Endive
51.9%
Enchanted
47%
Elephant
41.7%
Éclair
40.8%
Eastbound & Down
36%
Elizabeth
35.4%
Estee Lauder
32.1%
Enchilada
30.7%
Earthworm
27.6%
Earwig
18.9%
Electronic Arts
12%

You're not logged in!

Compare scores with friends on all Sporcle quizzes.
OR
Log In

Sporcle TV

Today on Sporcle TV


Watch our educational content, quiz creation guides, and fun videos on Sporcle TV.

Show Comments

Extras

Top Quizzes Today


Score Distribution

Paid Content

Your Account Isn't Verified!

In order to create a playlist on Sporcle, you need to verify the email address you used during registration. Go to your Sporcle Settings to finish the process.

Report this User

Report this user for behavior that violates our Community Guidelines.

Details: